| 000 | 01387cam a2200325 a 4500 | ||
|---|---|---|---|
| 001 | 17227784 | ||
| 005 | 20170105102907.0 | ||
| 008 | 120327s2012 enka b 001 0 eng | ||
| 010 | _a 2012012333 | ||
| 020 | _a9780230280403 (alk. paper) | ||
| 040 |
_aDLC _cDLC _dDLC |
||
| 042 | _apcc | ||
| 050 | 0 | 0 |
_aGE170 _b.F44 2012 |
| 082 | 0 | 0 |
_a363.738/74561091724 _223 |
| 084 |
_aPOL044000 _aPOL011010 _aPOL033000 _2bisacsh |
||
| 245 | 0 | 0 |
_aFeeling the heat : _bthe politics of climate policy in rapidly industrializing countries / _cedited by Ian Bailey, Hugh Compston. |
| 260 |
_aHoundmills, Basingstoke, Hampshire ; _aNew York : _bPalgrave Macmillan, _c2012. |
||
| 300 |
_axvii, 246 p. : _bill. ; _c23 cm. |
||
| 504 | _aIncludes bibliographical references and index. | ||
| 650 | 0 |
_aEnvironmental policy _zDeveloped countries. |
|
| 650 | 0 |
_aClimatic changes _xPrevention _xGovernment policy _zDeveloped countries. |
|
| 650 | 7 |
_aPOLITICAL SCIENCE / Public Policy / Environmental Policy. _2bisacsh |
|
| 650 | 7 |
_aPOLITICAL SCIENCE / International Relations / Diplomacy. _2bisacsh |
|
| 650 | 7 |
_aPOLITICAL SCIENCE / Globalization. _2bisacsh |
|
| 700 | 1 |
_aBailey, Ian, _d1965- |
|
| 700 | 1 |
_aCompston, Hugh, _d1955- |
|
| 906 |
_a7 _bcbc _corignew _d1 _eecip _f20 _gy-gencatlg |
||
| 942 |
_2ddc _cBK |
||
| 999 |
_c14948 _d14948 |
||